<?xml version='1.0' encoding='UTF-8'?>
  <record xmlns="http://www.loc.gov/MARC21/slim">
    <leader>00000cam a2200000Mi 4500</leader>
    <controlfield tag="001">ocm64715221</controlfield>
    <controlfield tag="003">OCoLC</controlfield>
    <controlfield tag="005">20251112171740.4</controlfield>
    <controlfield tag="008">870811s1818    ne            000 0 dut d</controlfield>
    <datafield tag="040" ind1=" " ind2=" ">
      <subfield code="a">NLGGC</subfield>
      <subfield code="b">dut</subfield>
      <subfield code="e">fobidrtb</subfield>
      <subfield code="c">NLGGC</subfield>
      <subfield code="d">OCLCO</subfield>
    </datafield>
    <datafield tag="029" ind1="0" ind2=" ">
      <subfield code="a">NLGGC</subfield>
      <subfield code="b">040724077</subfield>
    </datafield>
    <datafield tag="035" ind1=" " ind2=" ">
      <subfield code="a">(OCoLC)64715221</subfield>
    </datafield>
    <datafield tag="084" ind1=" " ind2=" ">
      <subfield code="a">24.76</subfield>
      <subfield code="2">bcl</subfield>
    </datafield>
    <datafield tag="100" ind1="1" ind2=" ">
      <subfield code="a">Ruppe, C.F.</subfield>
      <subfield code="q">(Christian Friedrich),</subfield>
      <subfield code="d">1753-1826.</subfield>
      <subfield code="1">https://id.oclc.org/worldcat/entity/E39PBJhRBqxx6WtxJD9rv3pByd</subfield>
    </datafield>
    <datafield tag="245" ind1="1" ind2="0">
      <subfield code="a">Theorie der hedendaagsche muzijk /</subfield>
      <subfield code="c">door C.F. Ruppe.</subfield>
    </datafield>
    <datafield tag="260" ind1=" " ind2=" ">
      <subfield code="a">Te Groningen :</subfield>
      <subfield code="b">bij J. Oomkens,</subfield>
      <subfield code="c">1818.</subfield>
    </datafield>
    <datafield tag="300" ind1=" " ind2=" ">
      <subfield code="a">3 dl. :</subfield>
      <subfield code="b">ill., muz. ;</subfield>
      <subfield code="c">23 cm.</subfield>
    </datafield>
    <datafield tag="336" ind1=" " ind2=" ">
      <subfield code="a">tekst</subfield>
      <subfield code="b">txt</subfield>
      <subfield code="2">rdacontent/dut</subfield>
    </datafield>
    <datafield tag="337" ind1=" " ind2=" ">
      <subfield code="a">zonder medium</subfield>
      <subfield code="b">n</subfield>
      <subfield code="2">rdamedia/dut</subfield>
    </datafield>
    <datafield tag="338" ind1=" " ind2=" ">
      <subfield code="a">band</subfield>
      <subfield code="b">nc</subfield>
      <subfield code="2">rdacarrier/dut</subfield>
    </datafield>
    <datafield tag="500" ind1=" " ind2=" ">
      <subfield code="a">Oorspr. uitg.: 1809-1810.</subfield>
    </datafield>
    <datafield tag="505" ind1="8" ind2=" ">
      <subfield code="a">Dl. 1-2: [Tekst]. -- Dl. 3: [Platen]</subfield>
    </datafield>
    <datafield tag="650" ind1="1" ind2="7">
      <subfield code="a">Muziektheorie.</subfield>
      <subfield code="2">gtt</subfield>
      <subfield code="0">(NL-LeOCL)07859765X</subfield>
    </datafield>
    <datafield tag="710" ind1="2" ind2=" ">
      <subfield code="a">Oomkens, Jan (II, Groningen)</subfield>
      <subfield code="4">prt</subfield>
      <subfield code="0">(NL-LeOCL)077153650</subfield>
    </datafield>
    <datafield tag="776" ind1="0" ind2=" ">
      <subfield code="a">Ruppe, C.F.</subfield>
      <subfield code="t">Theorie der hedendaagsche muzijk</subfield>
      <subfield code="w">(NL-LeOCL)401719081</subfield>
      <subfield code="w">(OCoLC)945727581</subfield>
    </datafield>
    <datafield tag="776" ind1="0" ind2=" ">
      <subfield code="a">Ruppe, C.F.</subfield>
      <subfield code="t">Theorie der hedendaagsche muzijk</subfield>
      <subfield code="w">(NL-LeOCL)401719103</subfield>
      <subfield code="w">(OCoLC)945727581</subfield>
    </datafield>
    <datafield tag="776" ind1="0" ind2=" ">
      <subfield code="a">Ruppe, C.F.</subfield>
      <subfield code="t">Theorie der hedendaagsche muzijk</subfield>
      <subfield code="w">(NL-LeOCL)425900010</subfield>
      <subfield code="w">(OCoLC)945727581</subfield>
    </datafield>
    <datafield tag="776" ind1="0" ind2=" ">
      <subfield code="a">Ruppe, C.F.</subfield>
      <subfield code="t">Theorie der hedendaagsche muzijk</subfield>
      <subfield code="w">(NL-LeOCL)425900029</subfield>
      <subfield code="w">(OCoLC)945727581</subfield>
    </datafield>
    <datafield tag="776" ind1="0" ind2=" ">
      <subfield code="a">Ruppe, C.F.</subfield>
      <subfield code="t">Theorie der hedendaagsche muzijk</subfield>
      <subfield code="w">(NL-LeOCL)425900037</subfield>
      <subfield code="w">(OCoLC)945727581</subfield>
    </datafield>
    <datafield tag="776" ind1="0" ind2=" ">
      <subfield code="a">Ruppe, C.F.</subfield>
      <subfield code="t">Theorie der hedendaagsche muzijk</subfield>
      <subfield code="w">(NL-LeOCL)425900045</subfield>
      <subfield code="w">(OCoLC)945727581</subfield>
    </datafield>
  </record>